Hitman "World of Assassination" Tile Select - Statistics

General Stats
  • This quiz has been taken 345 times
  • The average score is 36 of 40
Answer Stats
Question Tile Select % Correct
Which are targets in the Hitman Series? Select all that apply Abramo Ricci No
99%
Which are targets in the Hitman Series? Select all that apply Camila De Leon No
99%
Which are targets in the Hitman Series? Select all that apply Isabella Centino No
99%
Which are targets in the Hitman Series? Select all that apply Spencer White No
99%
Which are targets in the Hitman Series? Select all that apply Sierra Knox Yes
98%
Which are targets in the Hitman Series? Select all that apply Dean Clarke No
97%
Which are targets in the Hitman Series? Select all that apply Hugo Carvalho No
97%
Which are targets in the Hitman Series? Select all that apply Claude Bernstein No
96%
Which are targets in the Hitman Series? Select all that apply Elaine Crawford No
96%
Which are targets in the Hitman Series? Select all that apply Yuzof Zakniav No
96%
Which are targets in the Hitman Series? Select all that apply Reza Zaydan Yes
94%
Which of the following are locations in the Hitman series? Select all that apply Honolulu No
92%
Which of the following are locations in the Hitman series? Select all that apply Madrid No
92%
Which of the following are locations in the Hitman series? Select all that apply Milan No
92%
Which of the following are locations in the Hitman series? Select all that apply Seoul No
92%
Which of the following are locations in the Hitman series? Select all that apply Tijuana No
92%
Which of the following are locations in the Hitman series? Select all that apply Bangkok Yes
91%
Which are targets in the Hitman Series? Select all that apply Don Yates Yes
91%
Which of the following are locations in the Hitman series? Select all that apply Dubai Yes
91%
Which of the following are locations in the Hitman series? Select all that apply Miami Yes
91%
Which of the following are locations in the Hitman series? Select all that apply Montreal No
91%
Which of the following are locations in the Hitman series? Select all that apply Mumbai Yes
91%
Which of the following are locations in the Hitman series? Select all that apply San Francisco No
91%
Which are targets in the Hitman Series? Select all that apply Alexa Carlisle Yes
90%
Which of the following are locations in the Hitman series? Select all that apply Berlin Yes
90%
Which of the following are locations in the Hitman series? Select all that apply Chongqing Yes
90%
Which are targets in the Hitman Series? Select all that apply Francesca De Santis Yes
90%
Which of the following are locations in the Hitman series? Select all that apply Hokkaido Yes
90%
Which of the following are locations in the Hitman series? Select all that apply Marrakesh Yes
90%
Which are targets in the Hitman Series? Select all that apply Penelope Graves Yes
90%
Which of the following are locations in the Hitman series? Select all that apply Sao Paolo No
90%
Which are targets in the Hitman Series? Select all that apply Gordon Cross No
89%
Which of the following are locations in the Hitman series? Select all that apply Paris Yes
89%
Which are targets in the Hitman Series? Select all that apply Hush Yes
88%
Which of the following are locations in the Hitman series? Select all that apply Sydney No
87%
Which are targets in the Hitman Series? Select all that apply Arthur Edwards Yes
86%
Which of the following are locations in the Hitman series? Select all that apply Moscow No
86%
Which of the following are locations in the Hitman series? Select all that apply Tokyo No
85%
Which are targets in the Hitman Series? Select all that apply Anatoly Reznikov No
76%
Which are targets in the Hitman Series? Select all that apply Athena Savalas Yes
72%
No matching quizzes found
Score Distribution
Percent of People with Each Score
Percentile by Number Answered
Your Score History
You have not taken this quiz